|
|
|
|
| LEADER |
02137nam a2200505 a 4500 |
| 001 |
mzk03001181999 |
| 003 |
CZ BrMZK |
| 005 |
20160205145849.0 |
| 007 |
ta |
| 008 |
120516s1672 au f f |||| 0 lat|d |
| 040 |
|
|
|a BOA001
|b cze
|
| 072 |
|
7 |
|a 094
|x Staré tisky
|2 Konspekt
|9 12
|
| 072 |
|
7 |
|a 27-1/-2
|x Křesťanská teologie. Dogmatická teologie
|2 Konspekt
|9 5
|
| 080 |
|
|
|a (0.068)094
|2 MRF
|
| 080 |
|
|
|a 27-187
|2 MRF
|
| 080 |
|
|
|a 025.171
|2 MRF
|
| 100 |
1 |
|
|a Sucquet, Antoine,
|d 1574-1627
|7 mzk2006363515
|4 aut
|
| 245 |
1 |
0 |
|a PIAE CONSIDERATIONES ad DECLINANDVM a MALO et FACIENDUM BONVM cum Iconibus VIAE VITAE AETERNAE RP. Antonij Sucquet e SOCIETATE IESV
|
| 246 |
3 |
3 |
|a Piae considerationes ad declinandum a malo et faciendum bonum
|
| 260 |
|
|
|a Viennae Austriae :
|b [s.n.],
|c 1672
|
| 300 |
|
|
|a [8], [90], [2] s., [32] příl. ;
|c 4°
|
| 500 |
|
|
|a Paginace po listech 45 l.
|
| 500 |
|
|
|a Výzdoba: Mědirytiny, iniciály, viněty
|
| 561 |
|
|
|a Provenience: Rajhradské znakové exlibris
|
| 561 |
|
|
|a Provenience: Exlibris se studujícím mnichem
|
| 563 |
|
|
|a Pergamenová vazba Rajhrad, zbytky modré ořízky, 2 kovové spony
|
| 590 |
|
|
|a Chybí titulní list
|
| 650 |
|
7 |
|a věčný život
|7 ph116684
|2 czenas
|
| 650 |
|
7 |
|a historické knihovní fondy
|7 ph172933
|2 czenas
|
| 655 |
|
7 |
|a staré tisky
|7 fd422076
|2 czenas
|
| 700 |
0 |
|
|a Boetius à Bolswert,
|d asi 1580-1633
|7 ola2009507659
|4 egr
|
| 700 |
1 |
|
|a Lerch, Johann Martin,
|d 1643-1693
|7 mzk2009510990
|4 oth
|
| 700 |
1 |
|
|a Plengg, Johann Baptist,
|d nar. 1620
|4 oth
|
| 856 |
4 |
1 |
|u https://imageserver.mzk.cz/mzk03/001/181/999/328100205152.titul
|y Digitalizovaný dokument
|
| 856 |
4 |
1 |
|u http://reader.digitale-sammlungen.de/resolve/display/bsb10223677.html
|y Digitalizovaný dokument bavorské knihovny
|
| 903 |
|
|
|a RP
|
| 910 |
|
|
|e BOE950
|c R - Z. II. dd. 18
|
| 978 |
|
|
|b S.n.
|a Wien
|c 1672
|
| 982 |
0 |
|
|a Rajhrad - benediktinský klášter
|
| 984 |
|
|
|a Vídeň
|b Rakousko
|
| 985 |
|
|
|a 1651-1700
|
| 990 |
|
|
|a BK
|
| 996 |
|
|
|e BOE950
|c R - Z. II. dd. 18
|
| 991 |
|
|
|k rajhrad
|
| 980 |
|
|
|c 205152
|g R - Z. II. dd. 18
|1 328100205152
|p N. 11819, F/B. II. ./. 38, B. II. a. 24
|